Les chansons de "Destin" - Ninho - Mort subite - Statistiques

Statistiques générales
  • Ce quiz a été pris 199 fois
  • Le résultat moyen est 7 sur 11
Answers on the Grid
Answers color-coded by a green-red scale on the quiz's grid according to % correct below.
Maman ne le sait pas
NI
Putana
La vie qu'on mène
Goutte d'eau
Jusqu'à minuit
Jeune Lossa
Outro
Money
À Kinshasa
La vivance
Caramelo
Vrais
Lettre à une femme
Eurostar
Jefe
Un Poco
Elle m'a eu
Rose
Zipette
Sourire
Malcolm
M.I.L.S
M.I.L.S 2
 
Statistiques - réponses
Réponse % Correct
La vie qu'on mène
81%
Maman ne le sait pas
78%
Goutte d'eau
75%
Putana
72%
À Kinshasa
70%
Jeune Lossa
65%
Jusqu'à minuit
63%
La vivance
63%
Money
62%
Outro
59%
NI
43%
Aucun quiz correspondant
Distribution des résultats
% des personnes avec chaque résultat
Percentile par nombre de réponses
Votre historique - résultats
Vous n’avez pas pris ce quiz